<?xml version="1.0" encoding="UTF-8"?>
<record
    xmlns:xsi="http://www.w3.org/2001/XMLSchema-instance"
    xsi:schemaLocation="http://www.loc.gov/MARC21/slim http://www.loc.gov/standards/marcxml/schema/MARC21slim.xsd"
    xmlns="http://www.loc.gov/MARC21/slim">

  <leader>00900npc a2200241Ia 4500</leader>
  <controlfield tag="001">dg15-726 [d000000642]</controlfield>
  <controlfield tag="003">IT-MiCISF</controlfield>
  <controlfield tag="005">20251218143727.0</controlfield>
  <controlfield tag="008">161014s9999||||xx      |           und||</controlfield>
  <datafield tag="040" ind1=" " ind2=" ">
    <subfield code="a">IT-MiCISF</subfield>
    <subfield code="c">IT-MiCISF</subfield>
  </datafield>
  <datafield tag="041" ind1=" " ind2=" ">
    <subfield code="a">it</subfield>
  </datafield>
  <datafield tag="100" ind1=" " ind2=" ">
    <subfield code="a">Casini Pier Ferdinando (et al.)</subfield>
    <subfield code="9">62971</subfield>
  </datafield>
  <datafield tag="245" ind1=" " ind2="0">
    <subfield code="a">Una politica per la famiglia</subfield>
  </datafield>
  <datafield tag="260" ind1=" " ind2=" ">
    <subfield code="b">SPES (studi di propaganda e stampa),</subfield>
    <subfield code="c">1991</subfield>
  </datafield>
  <datafield tag="300" ind1=" " ind2=" ">
    <subfield code="a">pp. 63</subfield>
  </datafield>
  <datafield tag="500" ind1=" " ind2=" ">
    <subfield code="a"> / politica-familiare, bisogni-famiglia, legislazione, legge </subfield>
  </datafield>
  <datafield tag="501" ind1=" " ind2=" ">
    <subfield code="a">Contiene testo della "Proposta di legge Forlani, Fronza Crepaz e altri: norme per una politica per la famiglia"</subfield>
  </datafield>
  <datafield tag="650" ind1=" " ind2=" ">
    <subfield code="a">Politica-familiare</subfield>
  </datafield>
  <datafield tag="654" ind1=" " ind2=" ">
    <subfield code="a">divulgazione</subfield>
  </datafield>
  <datafield tag="700" ind1=" " ind2=" ">
    <subfield code="a">Russo Jervolino R., Donat Cattin C., Garavaglia M.P., Colombo Svevo M. Foschi F., </subfield>
    <subfield code="a">Costa S., Michelini A., Lombardi R., Casini C.</subfield>
    <subfield code="9">62972</subfield>
  </datafield>
  <datafield tag="942" ind1=" " ind2=" ">
    <subfield code="c">DD</subfield>
    <subfield code="2">ddc</subfield>
  </datafield>
  <datafield tag="999" ind1=" " ind2=" ">
    <subfield code="c">207797</subfield>
    <subfield code="d">207797</subfield>
  </datafield>
  <datafield tag="999" ind1=" " ind2=" ">
    <subfield code="b">si</subfield>
  </datafield>
  <datafield tag="952" ind1=" " ind2=" ">
    <subfield code="0">0</subfield>
    <subfield code="1">0</subfield>
    <subfield code="4">0</subfield>
    <subfield code="6">DG_15726_D000000642</subfield>
    <subfield code="7">1</subfield>
    <subfield code="a">CISF</subfield>
    <subfield code="b">CISF</subfield>
    <subfield code="d">2016-10-14</subfield>
    <subfield code="l">0</subfield>
    <subfield code="o">dg15-726 [d000000642]</subfield>
    <subfield code="r">2016-10-14 00:00:00</subfield>
    <subfield code="w">2016-10-14</subfield>
    <subfield code="y">DD</subfield>
    <subfield code="z">Data import 15.10.2016 / by Epidotti, Vaglietti</subfield>
  </datafield>
</record>
